000 00781nas a2200241 4500
001 BR8203042
003 BR-BrBNA
005 20231205085202.0
007 ta
008 230509b bl.|||p| |||| 00| 00por d
040 _aBR-BrBNA
_bpor
_cBiblioteca Nacional de Agricultura
041 _a(Pt)
072 _aL72; L73
100 1 _aRibeiro, M.F.B.
100 1 _aSalcedo, J.H.P.
245 1 _aAnaplasmose e babesiose [Anaplasma marginale, Babesia bigemina, Babesia bovis, bovino]
650 _aBOVINO
650 _aANAPLASMOSE
650 _aBABESIOSE
773 0 _tInforme Agropecuario - Empresa de Pesquisa Agropecuaria de Minas Gerais (Brazil)
_xISSN 0100-3364
_g(Nov 1982), v. 8(95) p. 17-19
_wBR8203042
909 _a202311
_bLúcia
_c55
_dLúcia Elande
942 _2AGRIS
_n0
_cANA
999 _c109819
_d109819